00386 a2200145 4500003000400000005001700004008004100021040000900062082001800071100001600089245006800105250001200173260004600185300000900231OSt20240122110347.0240122b |||||||| |||| 00| 0 eng d coclc a954.83bKAR/M aKareem, C K aMalabar Viplavam:bCharithra Vayanakalkkoramukam /cC.K. Kareem a1st ed. aMalappuram:bBook Plus Publishers,c2021. a96p.